The Only Remaining Island Country . . . - Statistics

General Stats
  • This quiz has been taken 814 times
  • The average score is 29 of 47
Answer Stats
The only island country . . . Island Country % Correct
that has land in the Arctic Circle Iceland
98%
that is borderless in Europe Malta
92%
that borders 3 other countries Indonesia
90%
that was an Axis power during WWII Japan
89%
to have over 100 million people in Asia Philippines
88%
in Europe Ireland
81%
with more than 1 gold medal in the men's 100 meter dash Jamaica
80%
that is not in the U.N. Taiwan
80%
to border Malaysia Brunei
79%
to have Antarctic claims New Zealand
78%
that was once over 100 times larger in area than it is now United Kingdom
74%
that begins with 'Saint' St. Kitts and Nevis
71%
that is 4 letters long Cuba
70%
with under 250 thousand people in Africa São Tomé and Príncipe
69%
to start with 'C' Comoros
67%
in Africa Mauritius
67%
to have 5 words St. Vincent and the Grenadines
67%
containing a 'J' in its name Fiji
64%
under 15 kilometers away from a South American country Trinidad and Tobago
64%
that borders another country Dominican Republic
63%
that has land on the Tropic of Capricorn Madagascar
63%
with more than 5,000 people per square kilometer Singapore
61%
with more people than a country they border Haiti
60%
with land in all four hemispheres Kiribati
59%
with an average elevation under 1.75 meters Maldives
59%
ending with 'lands' Solomon Islands
59%
in Asia Sri Lanka
59%
within 100 miles / 160 kilometers of the United States Bahamas
55%
with less than 25 square kilometers Nauru
55%
that is three words long Antigua and Barbuda
53%
that is four words long F. S. Micronesia
52%
with over 400 thousand square kilometers Papua New Guinea
52%
in North America but not bordering the Caribbean Barbados
50%
with over 10 Nobel Prize Laureates per 1 million people St. Lucia
50%
with over 100 million dollars of economic output per square kilometer Bahrain
48%
that is northwest of Null Island (0°N 0°E) Cape Verde
48%
in North America Dominica
48%
with Portuguese as an official language East Timor
47%
with 15 or more letters Marshall Islands
45%
with over 25 thousand GDP per capita Seychelles
44%
with over 50% obesity Tuvalu
44%
with over 80% blue on their flag Palau
41%
that has an average yearly temperature under 20° C Cyprus
36%
with more than 1 Olympic medal Grenada
36%
with over 100 islands Tonga
35%
with under 0.1 metric tons of CO2 emission in 2017 Vanuatu
35%
located primarily on islands Samoa
33%
No matching quizzes found
Score Distribution
Percent of People with Each Score
Percentile by Number Answered
Your Score History
You have not taken this quiz